1334 1978 1236 1030 1412 1757 1038 1964 1011 1217 1183 1378 1044 1123 1402 1007 1117 1808 1286 1867 1765 1443 1268 1762 1313 1052 1956 1412 1008 1743 1478 1148 1736 1950 1795 1720 1439 1363 1570 1987 1103 1380 1468 1059 1326 1889 1552 1400 1994 1309 1165 1346 1191 1310 1834 1645 1335 1997 1816 1280 1859 1947 1205 1699 1696 1986 1036 1465 1041 1989 1072 1814 1658 1211 1867 1615 1660 1136 1908 1063 1842 1465 1382 1105 1706 1299 1728 1186 1923 1858 1889 1515 1033 1414 1485 1544 1528 1205 1940 BCNSPRNW ULIB Ver.6.0+V

เปลี่ยนเป็นภาษาไทย

Change to English
 แสดงรายละเอียดบรรณานุกรม
  กลับหน้าหลัก

Brief Record : Get Marc (ISO 2709) : E-mail record : QR code < ปิดหน้าต่าง
LEADER : 00000nam 2200000uu 4500
001    13399122823
003     ULIB
008    130927s2554||||th 000 0 tha d
020    ^a9786167078106
090    นว.^bภ21ท
100 0  ^aภาคินัย
245 10 ^aท้าคนเป็น เห็นคนตาย /^cภาคินัย [นามแฝง]
250    พิมพ์ครั้งที่4
260    ^aกรุงเทพฯ :^bโซฟา พับลิชชิ่ง,^c2554
300    ^a248 หน้า
945    ^p185^l0^i034049
999    ^aเกษร โพธิ์สุวรรณ
รายการนี้ยังไม่มีแท็ก
คุณยังไม่ได้ล็อกอิน คุณสามารถมีกิจกรรมร่วมกับเว็บไซต์ได้ แต่ต้องล็อกอินก่อน ::
  ล็อกอิน

รายการสื่อสารสนเทศ

ลำดับที่ ประเภท เลขเรียก/บาร์โค้ด สถานที่ สถานะ
1. นวนิยาย
นวนิยาย
นว. ภ21ท ฉ.1 
  Barcode: 034049
ห้องสมุดวิทยาเขตสวรรค์ประชารักษ์
►นวนิยาย
บนชั้น
  ขอยืม

รายการใกล้เคียง
    ผู้แต่ง [ภาคินัย]

BibComment


ยังไม่เคยถูกคอมเมนท์

คอมเมนท์ทรัพยากรรายการนี้
  คอมเมนท์: ท้าคนเป็น เห็นคน..


 Copyright 2026. Bcnsprnw @Library